000 00740nam a2200253Ia 4500
003 OSt
005 20221005071035.0
006 a|||||r|||| 00| 0
007 ta
008 221004b |||||||| |||| 00| 0 urd d
020 _c45
024 _a5315
037 _b6069, 25/03/2013, Educational Publishing House
_cTextual
040 _aCRL
_cCRL
_burd
041 _2urd
_aurd
082 _aO168,1L22:g, N1
100 _aAazar Rashid
245 0 _aMeer ki ghazal goi
260 _aNew Delhi
_bAnjuman Taraqqi Urdu India
_c1991
300 _a203p.
_ccm.
650 _aURDU LITERATURE
942 _hO168,1L22:g, N1
_cTEXL
_2cc
999 _c977195
_d977195